01002nam a22002777a 45000010005000000030006000050050017000110080041000280400029000690500019000980820011001171000020001282450105001482500045002532600039002983000049003374900028003865050008004145200120004225210029005425210020005716500035005916500033006266500031006597000034006907743FISKH20250801160312.0250801b cb ||||| |||| 00| 0 eng d aFISKHbengcFISKHdFISKH aKF8745.M34 C37 a347.73 aCarpenter, Eric aYoung Thurgood Marshall : bFighter for quality / cby Eric Carpenter : illustrated by James Watling aFirst Scholastic printing, February 2007 aNew York : bScholastic , c1996.  a32 pages : bcolor illustrations ;c23 cm .  aFirst-Start Biographies aK  aExamines the life of the first black man to be appointed an associate justice of the highest court in the country. 8 a510 bLexile estimate 8 aK bRaz-Plus  aAfrican AmericansvNon-fiction aBlack AmericansvNon-fiction aSupreme CourtvNon-fiction aWatling, James eIllustrator